Research frontiers in fluid dynamics /

Bibliographic Details
Main Author: Seeger, Raymond John, 1906-
Other Authors: Temple, George Frederick James, 1901-
Format: Book
Language:English
Published: New York : Interscience Publishers, [1965]
Series:Interscience monographs and texts in physics and astronomy ; 15.
Subjects:

MARC

Tag First Indicator Second Indicator Subfields
LEADER 00000cam a2200000 4500
001 in00000023351
005 20151007064407.0
008 750723s1965 nyu b 00000 eng u
010 |a  65014246  
035 |a (OCoLC)01471460 
035 |9 AAD9731AM 
040 |c FQG  |d OCL  |d TXA  |d UtOrBLW 
049 |a TXAM  |c [414635] 
050 0 0 |a QC145  |b .S4 
082 0 |a 532 
092 |a 532  |b S451r, 1965 
100 1 |a Seeger, Raymond John,  |d 1906- 
245 1 0 |a Research frontiers in fluid dynamics /  |c Edited by Raymond J. Seeger and G. Temple. 
264 1 |a New York :  |b Interscience Publishers,  |c [1965] 
300 |a ix, 738 pages :  |b illustrations ;  |c 24 cm. 
336 |a text  |b txt  |2 rdacontent 
337 |a unmediated  |b n  |2 rdamedia 
338 |a volume  |b nc  |2 rdacarrier 
490 1 |a Interscience monographs and texts in physics and astronomy;  |v 15 
504 |a Includes bibliographies. 
650 0 |a Fluid dynamics. 
700 1 |a Temple, George Frederick James,  |d 1901- 
830 0 |a Interscience monographs and texts in physics and astronomy ;  |v 15. 
999 |a MARS 
999 f f |s 4c82e298-8109-332f-b556-e219371d9b6d  |i c1f8de01-91d0-3747-a46e-1d3f170ad419  |t 0 
952 f f |p ric  |a Texas A&M University  |b Rellis Campus  |c Joint Library Facility  |d Remote Storage  |t 0  |e QC145 .S4  |h Library of Congress classification  |i unmediated -- volume  |m A14800914531 
998 f f |a QC145 .S4  |t 0  |l Remote Storage